000 00316nam a22001337a 4500
008 181015b xxu||||| |||| 00| 0 eng d
020 _a0023156503
041 _aeng
080 _a336
100 _a57
101 _aFIN
245 _aPublic Finanace And The Price System
_cBrowning.E.K
942 _2udc
_cBK
999 _c49695
_d49695